000 00249nam a2200109Ia 4500
008 221009s9999 xx 000 0 und d
082 _a900/DUR
100 _aDurant. will
_921871
245 4 _aTHE Case for india
260 _bwave books
942 _cBK
999 _c64975
_d64975